00810 2200277 4500001002100000005001700021008004100038020002200079035002400101040001200125082001200137090001800149100002700167245011500194250001000309260003800319300003500357504002000392650001800412850001200430990001800442990001800460990001800478990001800496990001800514YOGYA-0311000000014320110307122328.0 ind  a970-979-006-228-3 0010-031100000000143 aYOPDYOG a615.321 a615.321 Jok u aJoko Sukmono , Rizki h aMengatasi aneka penyakit dengan terapi Herbal / H. rizki joko sukmono ; Penyuting titon ; ilustrasi dipa sandi acet 1 aJakartabAgro media pustakag2009 aiv , 227 hlmb,; ilus .;c24cm aHLM .221-222 Cm aTerapi herbal aYOPDYOG a49101-PD/B.10 a49100-PD/B.10 a49099-PD/B.10 a49101-PD/B.10 a49100-PD/B.10